[Event "Deutsche Ländermeisterschaft 2014"]
[Site "Hannover GER"]
[Date "2014.10.07"]
[Round "7"]
[White "Pfreundt, Jakob"]
[Black "Zahn, Alina"]
[Result "1-0"]
[Termination "normal"]
[Board "5.3"]
[WhiteElo "2040"]
[BlackElo "2024"]
[WhiteClock "00:03:54"]
[BlackClock "00:03:18"]
[WhiteTeam "Hamburg"]
[BlackTeam "Thüringen"]
[PlyCount "165"]
[WhiteFideId "12918156"]
[BlackFideId "24696730"]
[EventCountry "GER"]
[EventRounds "7"]
[EventType "team-swiss"]
[EventDate "2014.10.02"]

1. e4 {[%clk 1:30:54]} e5 {[%clk 1:30:56]} 2. Nf3 {[%clk 1:31:08]} Nc6 {[%clk
1:31:20]} 3. d4 {[%clk 1:31:27]} exd4 {[%clk 1:31:37]} 4. Nxd4 {[%clk 1:31:47]}
Bc5 {[%clk 1:30:53]} 5. Nb3 {[%clk 1:32:05]} Be7 {[%clk 1:30:17]} 6. f4 {[%clk
1:28:33]} d6 {[%clk 1:29:04]} 7. Be2 {[%clk 1:24:42]} f5 {[%clk 1:20:26]} 8.
exf5 {[%clk 1:07:34]} Bxf5 {[%clk 1:20:24]} 9. Nc3 {[%clk 1:00:48]} Qd7 {[%clk
1:16:42]} 10. Nd5 {[%clk 0:57:59]} O-O-O {[%clk 1:13:24]} 11. Nd4 {[%clk
0:53:41]} Nxd4 {[%clk 1:08:27]} 12. Qxd4 {[%clk 0:53:56]} Kb8 {[%clk 1:06:47]}
13. O-O {[%clk 0:49:30]} Nf6 {[%clk 1:04:22]} 14. Ne3 {[%clk 0:29:55]} Be4
{[%clk 0:56:40]} 15. Nc4 {[%clk 0:21:48]} Qc6 {[%clk 0:52:49]} 16. Bf3 {[%clk
0:20:31]} Bxf3 {[%clk 0:51:31]} 17. Rxf3 {[%clk 0:20:54]} Nd7 {[%clk 0:45:29]}
18. Be3 {[%clk 0:09:40]} b6 {[%clk 0:41:18]} 19. Qd3 {[%clk 0:09:05]} Bf6
{[%clk 0:38:21]} 20. c3 {[%clk 0:08:26]} Nc5 {[%clk 0:36:20]} 21. Bxc5 {[%clk
0:07:37]} Qxc5+ {[%clk 0:34:31]} 22. Kh1 {[%clk 0:07:31]} Rde8 {[%clk 0:33:29]}
23. Ne3 {[%clk 0:07:35]} h5 {[%clk 0:26:36]} 24. Nd5 {[%clk 0:05:28]} Bd8
{[%clk 0:25:37]} 25. b4 {[%clk 0:05:38]} Qc6 {[%clk 0:25:23]} 26. a4 {[%clk
0:05:03]} g5 {[%clk 0:22:48]} 27. fxg5 {[%clk 0:04:32]} Re5 {[%clk 0:20:33]}
28. c4 {[%clk 0:04:43]} Rxg5 {[%clk 0:17:49]} 29. b5 {[%clk 0:04:02]} Qc5
{[%clk 0:16:52]} 30. Re1 {[%clk 0:03:29]} Rhg8 {[%clk 0:16:07]} 31. Re2 {[%clk
0:03:21]} Rg4 {[%clk 0:11:36]} 32. Ne3 {[%clk 0:02:19]} Rd4 {[%clk 0:10:58]}
33. Qc2 {[%clk 0:01:42]} Bg5 {[%clk 0:05:10]} 34. Rf5 {[%clk 0:01:25]} Qb4
{[%clk 0:04:11]} 35. Nd5 {[%clk 0:00:38]} Qxc4 {[%clk 0:03:50]} 36. Nc3 {[%clk
0:00:36]} Qd3 {[%clk 0:03:12]} 37. h3 {[%clk 0:00:40]} Bd8 {[%clk 0:01:31]} 38.
Qxd3 {[%clk 0:00:41]} Rxd3 {[%clk 0:01:54]} 39. Rc2 {[%clk 0:00:44]} h4 {[%clk
0:02:02]} 40. Kh2 {[%clk 0:00:36]} Rd4 {[%clk 0:01:39]} 41. Re2 {[%clk
0:17:31]} Rc4 {[%clk 0:29:52]} 42. Rf3 {[%clk 0:17:18]} Kb7 {[%clk 0:25:46]}
43. Re4 {[%clk 0:15:26]} Rxe4 {[%clk 0:25:52]} 44. Nxe4 {[%clk 0:15:50]} Re8
{[%clk 0:26:09]} 45. Nc3 {[%clk 0:16:04]} Re6 {[%clk 0:24:17]} 46. g3 {[%clk
0:16:13]} hxg3+ {[%clk 0:23:46]} 47. Kxg3 {[%clk 0:16:35]} Bf6 {[%clk 0:22:36]}
48. h4 {[%clk 0:15:45]} Be5+ {[%clk 0:22:39]} 49. Kh3 {[%clk 0:15:15]} Rh6
{[%clk 0:20:48]} 50. Nd5 {[%clk 0:13:34]} Rh7 {[%clk 0:19:40]} 51. Nb4 {[%clk
0:13:35]} Rh8 {[%clk 0:08:48]} 52. Nc6 {[%clk 0:06:07]} Re8 {[%clk 0:07:26]}
53. h5 {[%clk 0:05:54]} Rh8 {[%clk 0:07:18]} 54. Rf5 {[%clk 0:06:16]} Bc3
{[%clk 0:06:54]} 55. Kg4 {[%clk 0:06:08]} Bd2 {[%clk 0:06:26]} 56. Rf6 {[%clk
0:05:41]} a6 {[%clk 0:02:34]} 57. Rf5 {[%clk 0:04:31]} axb5 {[%clk 0:02:35]}
58. axb5 {[%clk 0:04:56]} Kc8 {[%clk 0:02:08]} 59. Rf7 {[%clk 0:03:06]} Be3
{[%clk 0:01:56]} 60. Ne7+ {[%clk 0:02:23]} Kd8 {[%clk 0:01:54]} 61. Nd5 {[%clk
0:01:26]} Bd2 {[%clk 0:01:55]} 62. Nxc7 {[%clk 0:01:06]} Rg8+ {[%clk 0:02:19]}
63. Kh4 {[%clk 0:01:22]} Be1+ {[%clk 0:02:25]} 64. Kh3 {[%clk 0:01:49]} Rh8
{[%clk 0:02:07]} 65. Kg4 {[%clk 0:01:29]} Rg8+ {[%clk 0:02:32]} 66. Kf5 {[%clk
0:01:10]} Bd2 {[%clk 0:02:26]} 67. Ne6+ {[%clk 0:01:30]} Kc8 {[%clk 0:01:36]}
68. Rf8+ {[%clk 0:01:22]} Rxf8+ {[%clk 0:02:04]} 69. Nxf8 {[%clk 0:01:45]} Bh6
{[%clk 0:02:14]} 70. Ne6 {[%clk 0:02:06]} Kd7 {[%clk 0:02:31]} 71. Nd4 {[%clk
0:02:16]} Be3 {[%clk 0:02:31]} 72. Ke4 {[%clk 0:01:21]} Bd2 {[%clk 0:02:19]}
73. Kf5 {[%clk 0:00:57]} Be3 {[%clk 0:02:28]} 74. Nf3 {[%clk 0:01:00]} Ke7
{[%clk 0:02:12]} 75. Ng5 {[%clk 0:00:58]} Kf8 {[%clk 0:02:08]} 76. h6 {[%clk
0:01:08]} Kg8 {[%clk 0:01:36]} 77. Kg6 {[%clk 0:01:29]} Bxg5 {[%clk 0:01:46]}
78. Kxg5 {[%clk 0:01:53]} d5 {[%clk 0:02:08]} 79. Kf5 {[%clk 0:02:16]} Kh7
{[%clk 0:02:22]} 80. Ke5 {[%clk 0:02:41]} Kxh6 {[%clk 0:02:30]} 81. Kxd5 {[%clk
0:03:05]} Kg6 {[%clk 0:02:54]} 82. Kc6 {[%clk 0:03:31]} Kf6 {[%clk 0:03:18]}
83. Kxb6 {[%clk 0:03:54]} 1-0

[Event "Deutsche Ländermeisterschaft 2014"]
[Site "Hannover GER"]
[Date "2014.10.07"]
[Round "7"]
[White "Nguyen, Huy Dat"]
[Black "Krüger, David"]
[Result "1/2-1/2"]
[Termination "normal"]
[Board "5.4"]
[WhiteElo "1952"]
[BlackElo "2036"]
[WhiteClock "00:21:01"]
[BlackClock "00:05:45"]
[WhiteTeam "Thüringen"]
[BlackTeam "Hamburg"]
[PlyCount "61"]
[WhiteFideId "12923486"]
[BlackFideId "12921858"]
[EventCountry "GER"]
[EventRounds "7"]
[EventType "team-swiss"]
[EventDate "2014.10.02"]

1. e4 {[%clk 1:30:58]} e5 {[%clk 1:30:52]} 2. Nf3 {[%clk 1:31:23]} Nc6 {[%clk
1:31:17]} 3. Bc4 {[%clk 1:31:46]} Bc5 {[%clk 1:31:18]} 4. c3 {[%clk 1:32:10]}
Nf6 {[%clk 1:31:32]} 5. d3 {[%clk 1:32:33]} d6 {[%clk 1:27:04]} 6. Bb3 {[%clk
1:31:47]} a6 {[%clk 1:27:20]} 7. h3 {[%clk 1:22:52]} Ba7 {[%clk 1:27:40]} 8.
Nbd2 {[%clk 1:19:36]} O-O {[%clk 1:26:01]} 9. Nf1 {[%clk 1:16:47]} Ne7 {[%clk
1:19:13]} 10. Ng3 {[%clk 1:15:03]} Ng6 {[%clk 1:18:42]} 11. O-O {[%clk
1:14:12]} Be6 {[%clk 0:58:02]} 12. Be3 {[%clk 1:06:34]} Qc8 {[%clk 0:50:31]}
13. Bxe6 {[%clk 1:02:28]} fxe6 {[%clk 0:49:24]} 14. Bxa7 {[%clk 1:02:17]} Rxa7
{[%clk 0:49:44]} 15. d4 {[%clk 1:01:56]} exd4 {[%clk 0:48:06]} 16. cxd4 {[%clk
0:59:48]} h6 {[%clk 0:34:33]} 17. Rc1 {[%clk 0:56:55]} Qd7 {[%clk 0:32:36]} 18.
Qc2 {[%clk 0:55:42]} Ne8 {[%clk 0:31:20]} 19. Qb3 {[%clk 0:50:57]} Nf4 {[%clk
0:30:01]} 20. Qe3 {[%clk 0:48:57]} b6 {[%clk 0:25:05]} 21. Ne2 {[%clk 0:41:35]}
Ng6 {[%clk 0:21:25]} 22. Ne1 {[%clk 0:35:03]} e5 {[%clk 0:15:09]} 23. Nd3
{[%clk 0:32:02]} exd4 {[%clk 0:14:14]} 24. Qxd4 {[%clk 0:30:41]} Qf7 {[%clk
0:13:10]} 25. Qd5 {[%clk 0:26:26]} Ne7 {[%clk 0:12:07]} 26. Qxf7+ {[%clk
0:26:42]} Kxf7 {[%clk 0:11:08]} 27. Nc3 {[%clk 0:25:22]} Ke6 {[%clk 0:10:05]}
28. f4 {[%clk 0:23:38]} g6 {[%clk 0:09:04]} 29. g4 {[%clk 0:22:40]} c6 {[%clk
0:07:01]} 30. f5+ {[%clk 0:21:02]} gxf5 {[%clk 0:05:45]} 31. exf5+ {[%clk
0:21:01]} 1/2-1/2

[Event "Deutsche Ländermeisterschaft 2014"]
[Site "Hannover GER"]
[Date "2014.10.07"]
[Round "7"]
[White "Brandt, Carina"]
[Black "Scheftlein, Richard"]
[Result "0-1"]
[Termination "normal"]
[Board "5.5"]
[WhiteElo "1886"]
[BlackElo "1999"]
[WhiteClock "00:04:39"]
[BlackClock "00:28:18"]
[WhiteTeam "Hamburg"]
[BlackTeam "Thüringen"]
[PlyCount "68"]
[WhiteFideId "12917940"]
[BlackFideId "12945609"]
[EventCountry "GER"]
[EventRounds "7"]
[EventType "team-swiss"]
[EventDate "2014.10.02"]

1. e4 {[%clk 1:30:56]} e6 {[%clk 1:30:46]} 2. d4 {[%clk 1:31:20]} d5 {[%clk
1:31:08]} 3. Nc3 {[%clk 1:31:46]} Bb4 {[%clk 1:31:31]} 4. exd5 {[%clk 1:32:09]}
exd5 {[%clk 1:30:27]} 5. Bd3 {[%clk 1:32:17]} Nc6 {[%clk 1:30:34]} 6. a3 {[%clk
1:32:07]} Ba5 {[%clk 1:30:22]} 7. Nge2 {[%clk 1:26:54]} Nge7 {[%clk 1:29:57]}
8. O-O {[%clk 1:26:01]} Bf5 {[%clk 1:28:52]} 9. Re1 {[%clk 1:22:23]} O-O {[%clk
1:28:44]} 10. Ng3 {[%clk 1:15:14]} Bxd3 {[%clk 1:27:09]} 11. Qxd3 {[%clk
1:15:38]} Ng6 {[%clk 1:23:44]} 12. Be3 {[%clk 1:09:36]} Nce7 {[%clk 1:20:45]}
13. b4 {[%clk 1:03:29]} Bb6 {[%clk 1:21:01]} 14. Na4 {[%clk 1:03:48]} c6 {[%clk
1:11:20]} 15. Nxb6 {[%clk 1:03:55]} axb6 {[%clk 1:11:15]} 16. b5 {[%clk
1:02:01]} Qd6 {[%clk 1:10:50]} 17. Qb3 {[%clk 0:56:46]} f5 {[%clk 1:06:21]} 18.
Bg5 {[%clk 0:51:34]} f4 {[%clk 1:05:48]} 19. Bxe7 {[%clk 0:51:20]} Nxe7 {[%clk
1:06:11]} 20. Ne4 {[%clk 0:50:03]} Qg6 {[%clk 1:01:20]} 21. Nd2 {[%clk
0:48:31]} Nf5 {[%clk 0:59:00]} 22. Nf3 {[%clk 0:47:55]} Qf6 {[%clk 0:50:21]}
23. bxc6 {[%clk 0:35:10]} bxc6 {[%clk 0:50:39]} 24. Qxb6 {[%clk 0:34:28]} Ra4
{[%clk 0:43:26]} 25. c3 {[%clk 0:30:45]} Rc4 {[%clk 0:42:34]} 26. Qb2 {[%clk
0:23:39]} Nh4 {[%clk 0:39:10]} 27. Nxh4 {[%clk 0:21:19]} Qxh4 {[%clk 0:39:23]}
28. f3 {[%clk 0:21:41]} c5 {[%clk 0:38:19]} 29. dxc5 {[%clk 0:19:00]} Rxc5
{[%clk 0:38:34]} 30. Re5 {[%clk 0:17:06]} Rfc8 {[%clk 0:37:50]} 31. Rae1 {[%clk
0:13:39]} Rxc3 {[%clk 0:37:25]} 32. Qd2 {[%clk 0:11:10]} R3c5 {[%clk 0:33:10]}
33. a4 {[%clk 0:09:07]} h6 {[%clk 0:29:59]} 34. Rxd5 {[%clk 0:04:39]} Rc2
{[%clk 0:28:18]} 0-1

[Event "Deutsche Ländermeisterschaft 2014"]
[Site "Hannover GER"]
[Date "2014.10.07"]
[Round "7"]
[White "Ratay, Meike"]
[Black "Meyling, Lennart"]
[Result "1-0"]
[Termination "normal"]
[Board "5.6"]
[WhiteElo "1575"]
[BlackElo "1713"]
[WhiteClock "00:03:48"]
[BlackClock "01:02:32"]
[WhiteTeam "Thüringen"]
[BlackTeam "Hamburg"]
[PlyCount "101"]
[WhiteFideId "12977608"]
[BlackFideId "12947130"]
[EventCountry "GER"]
[EventRounds "7"]
[EventType "team-swiss"]
[EventDate "2014.10.02"]

1. e4 {[%clk 1:30:58]} c5 {[%clk 1:30:49]} 2. Nf3 {[%clk 1:31:19]} Nf6 {[%clk
1:31:05]} 3. e5 {[%clk 1:31:34]} Nd5 {[%clk 1:31:22]} 4. Nc3 {[%clk 1:31:34]}
e6 {[%clk 1:30:47]} 5. Nxd5 {[%clk 1:31:42]} exd5 {[%clk 1:30:54]} 6. d4 {[%clk
1:31:40]} cxd4 {[%clk 1:30:57]} 7. Nxd4 {[%clk 1:30:40]} d6 {[%clk 1:30:11]} 8.
exd6 {[%clk 1:29:56]} Bxd6 {[%clk 1:29:14]} 9. Bb5+ {[%clk 1:25:45]} Bd7 {[%clk
1:27:53]} 10. Bxd7+ {[%clk 1:25:26]} Nxd7 {[%clk 1:27:54]} 11. O-O {[%clk
1:22:54]} O-O {[%clk 1:28:02]} 12. Nf5 {[%clk 1:21:01]} Nb6 {[%clk 1:25:28]}
13. Nxd6 {[%clk 1:18:26]} Qxd6 {[%clk 1:24:44]} 14. Re1 {[%clk 1:10:40]} Rfe8
{[%clk 1:23:16]} 15. Rxe8+ {[%clk 1:02:57]} Rxe8 {[%clk 1:23:17]} 16. b3 {[%clk
1:02:13]} Qb4 {[%clk 1:21:22]} 17. Be3 {[%clk 0:55:21]} Re4 {[%clk 1:18:23]}
18. Bxb6 {[%clk 0:51:02]} axb6 {[%clk 1:18:41]} 19. g3 {[%clk 0:45:35]} Qc3
{[%clk 1:16:57]} 20. Rb1 {[%clk 0:38:38]} d4 {[%clk 1:14:10]} 21. Kf1 {[%clk
0:35:49]} f5 {[%clk 1:13:12]} 22. Qd3 {[%clk 0:29:15]} Kf7 {[%clk 1:09:09]} 23.
Qxc3 {[%clk 0:26:20]} dxc3 {[%clk 1:09:16]} 24. Rd1 {[%clk 0:26:28]} Re7 {[%clk
1:09:19]} 25. Rd3 {[%clk 0:23:55]} Rc7 {[%clk 1:08:56]} 26. Rd6 {[%clk
0:21:07]} Rc6 {[%clk 1:07:45]} 27. Rxc6 {[%clk 0:18:19]} bxc6 {[%clk 1:08:03]}
28. Ke2 {[%clk 0:18:44]} Ke6 {[%clk 1:05:37]} 29. Kd3 {[%clk 0:07:53]} Kd5
{[%clk 1:05:58]} 30. f3 {[%clk 0:07:22]} g5 {[%clk 1:04:33]} 31. h3 {[%clk
0:04:42]} h5 {[%clk 1:04:04]} 32. f4 g4 {[%clk 1:02:11]} 33. h4 {[%clk
0:02:39]} b5 {[%clk 0:59:55]} 34. a4 {[%clk 0:01:43]} b4 {[%clk 1:00:02]} 35.
a5 {[%clk 0:01:31]} c5 {[%clk 0:59:23]} 36. a6 {[%clk 0:00:55]} c4+ {[%clk
0:59:01]} 37. bxc4+ {[%clk 0:01:03]} Kc6 {[%clk 0:59:08]} 38. c5 {[%clk
0:00:58]} Kc7 {[%clk 0:59:03]} 39. Kc4 {[%clk 0:01:07]} b3 {[%clk 0:58:47]} 40.
Kxb3 {[%clk 0:01:24]} Kb8 {[%clk 0:59:07]} 41. Kxc3 {[%clk 0:00:37]} Ka7 {[%clk
0:59:29]} 42. Kd4 {[%clk 0:01:02]} Kxa6 {[%clk 0:59:44]} 43. Kd5 {[%clk
0:01:22]} Kb7 {[%clk 1:00:03]} 44. Kd6 {[%clk 0:01:37]} Kc8 {[%clk 1:00:24]}
45. Kc6 {[%clk 0:01:59]} Kb8 {[%clk 1:00:37]} 46. Kd7 {[%clk 0:02:21]} Kb7
{[%clk 1:00:57]} 47. c6+ {[%clk 0:02:46]} Kb8 {[%clk 1:01:18]} 48. c7+ {[%clk
0:03:10]} Kb7 {[%clk 1:01:44]} 49. c8=Q+ {[%clk 0:03:29]} Ka7 {[%clk 1:02:11]}
50. Qc5+ {[%clk 0:03:25]} Ka6 {[%clk 1:02:32]} 51. Qb4 {[%clk 0:03:48]} 1-0

[Event "Deutsche Ländermeisterschaft 2014"]
[Site "Hannover GER"]
[Date "2014.10.07"]
[Round "7"]
[White "Voß, Henrike"]
[Black "Grund, Sebastian"]
[Result "0-1"]
[Termination "normal"]
[Board "5.7"]
[WhiteElo "1604"]
[BlackElo "1791"]
[WhiteClock "00:22:55"]
[BlackClock "00:33:08"]
[WhiteTeam "Hamburg"]
[BlackTeam "Thüringen"]
[PlyCount "110"]
[WhiteFideId "12971910"]
[BlackFideId "12988626"]
[EventCountry "GER"]
[EventRounds "7"]
[EventType "team-swiss"]
[EventDate "2014.10.02"]

1. e4 {[%clk 1:30:56]} c5 {[%clk 1:30:39]} 2. Nf3 {[%clk 1:31:20]} e6 {[%clk
1:30:45]} 3. d4 {[%clk 1:31:41]} cxd4 {[%clk 1:31:09]} 4. Nxd4 {[%clk 1:32:05]}
a6 {[%clk 1:31:15]} 5. Nc3 {[%clk 1:32:27]} Qc7 {[%clk 1:31:28]} 6. Bd3 {[%clk
1:32:51]} Bb4 {[%clk 1:31:17]} 7. Bd2 {[%clk 1:32:25]} Nf6 {[%clk 1:31:16]} 8.
Qe2 {[%clk 1:31:27]} Nc6 {[%clk 1:30:41]} 9. Nb3 {[%clk 1:30:37]} b5 {[%clk
1:28:25]} 10. a3 {[%clk 1:30:03]} Be7 {[%clk 1:27:58]} 11. O-O {[%clk 1:29:18]}
Bb7 {[%clk 1:27:47]} 12. Rae1 {[%clk 1:18:59]} d6 {[%clk 1:16:35]} 13. f4
{[%clk 1:09:34]} Rd8 {[%clk 1:15:04]} 14. Kh1 {[%clk 1:03:02]} d5 {[%clk
1:14:35]} 15. e5 {[%clk 0:59:15]} Nd7 {[%clk 1:14:36]} 16. Be3 {[%clk 0:57:44]}
Nb6 {[%clk 1:05:56]} 17. Nd4 {[%clk 0:54:06]} Nxd4 {[%clk 1:04:54]} 18. Bxd4
{[%clk 0:54:11]} Nc4 {[%clk 1:04:22]} 19. Nd1 {[%clk 0:50:32]} Bh4 {[%clk
0:58:12]} 20. Bf2 {[%clk 0:45:41]} Bxf2 {[%clk 0:57:06]} 21. Qxf2 {[%clk
0:45:51]} Qb6 {[%clk 0:55:39]} 22. Qxb6 {[%clk 0:45:27]} Nxb6 {[%clk 0:56:06]}
23. b3 {[%clk 0:45:45]} h5 {[%clk 0:56:05]} 24. Nf2 {[%clk 0:44:58]} Nd7 {[%clk
0:53:24]} 25. Nh3 {[%clk 0:44:27]} Nc5 {[%clk 0:53:23]} 26. Kg1 {[%clk
0:42:53]} Rc8 {[%clk 0:52:46]} 27. Rc1 {[%clk 0:42:40]} Ke7 {[%clk 0:51:40]}
28. Ng5 {[%clk 0:41:39]} f6 {[%clk 0:48:26]} 29. exf6+ {[%clk 0:39:11]} gxf6
{[%clk 0:48:43]} 30. Nh3 {[%clk 0:39:30]} Rhg8 {[%clk 0:48:28]} 31. Be2 {[%clk
0:39:00]} d4 {[%clk 0:46:56]} 32. Bf3 {[%clk 0:38:41]} Bxf3 {[%clk 0:46:13]}
33. Rxf3 {[%clk 0:38:58]} Kd6 {[%clk 0:45:05]} 34. Nf2 {[%clk 0:35:21]} e5
{[%clk 0:41:15]} 35. fxe5+ {[%clk 0:33:36]} fxe5 {[%clk 0:41:12]} 36. b4 {[%clk
0:33:57]} Nd7 {[%clk 0:40:14]} 37. Ne4+ {[%clk 0:33:17]} Ke6 {[%clk 0:38:55]}
38. Rff1 {[%clk 0:33:19]} Rg4 {[%clk 0:38:34]} 39. Rfe1 {[%clk 0:32:25]} Kd5
{[%clk 0:38:16]} 40. Nf2 {[%clk 0:32:35]} Rf4 {[%clk 0:37:50]} 41. Nd1 {[%clk
0:24:55]} d3 {[%clk 0:34:37]} 42. Ne3+ {[%clk 0:21:43]} Kd4 {[%clk 0:32:53]}
43. c3+ {[%clk 0:21:12]} Rxc3 {[%clk 0:32:43]} 44. Rxc3 {[%clk 0:21:25]} d2
{[%clk 0:31:25]} 45. Rd1 {[%clk 0:20:49]} Kxc3 {[%clk 0:31:23]} 46. Nd5+ {[%clk
0:20:53]} Kc2 {[%clk 0:30:56]} 47. Rxd2+ {[%clk 0:21:14]} Kxd2 {[%clk 0:31:42]}
48. Nxf4 {[%clk 0:21:38]} exf4 {[%clk 0:32:03]} 49. Kf2 {[%clk 0:21:25]} Ne5
{[%clk 0:31:29]} 50. h4 {[%clk 0:21:33]} Ng6 {[%clk 0:31:25]} 51. g3 {[%clk
0:21:43]} fxg3+ {[%clk 0:31:46]} 52. Kxg3 {[%clk 0:22:08]} Kc3 {[%clk 0:32:07]}
53. Kf3 Nxh4+ {[%clk 0:32:24]} 54. Kf4 {[%clk 0:22:32]} Kb3 {[%clk 0:32:45]}
55. Kg5 {[%clk 0:22:55]} Kxa3 {[%clk 0:33:08]} 0-1

[Event "Deutsche Ländermeisterschaft 2014"]
[Site "Hannover GER"]
[Date "2014.10.07"]
[Round "7"]
[White "Geletzke, Hannah"]
[Black "Michna, Masza"]
[Result "0-1"]
[Termination "normal"]
[Board "5.8"]
[WhiteElo "1251"]
[BlackElo "1347"]
[WhiteClock "00:12:47"]
[BlackClock "00:44:51"]
[WhiteTeam "Thüringen"]
[BlackTeam "Hamburg"]
[PlyCount "54"]
[WhiteFideId "12983330"]
[BlackFideId "12921998"]
[EventCountry "GER"]
[EventRounds "7"]
[EventType "team-swiss"]
[EventDate "2014.10.02"]

1. e4 {[%clk 1:30:58]} c6 {[%clk 1:30:41]} 2. d4 {[%clk 1:30:39]} d5 {[%clk
1:31:01]} 3. Nc3 {[%clk 1:29:34]} dxe4 {[%clk 1:31:15]} 4. Nxe4 {[%clk
1:28:12]} Bf5 {[%clk 1:31:33]} 5. f3 {[%clk 1:24:47]} Nd7 {[%clk 1:28:41]} 6.
Bf4 {[%clk 1:20:30]} Ngf6 {[%clk 1:25:17]} 7. Nxf6+ {[%clk 1:16:17]} Nxf6
{[%clk 1:25:34]} 8. Bc4 {[%clk 1:12:34]} e6 {[%clk 1:24:33]} 9. Ne2 {[%clk
1:09:33]} Bd6 {[%clk 1:21:17]} 10. Qd2 {[%clk 1:03:27]} O-O {[%clk 1:14:43]}
11. Bg5 {[%clk 0:58:18]} Be7 {[%clk 1:12:01]} 12. O-O {[%clk 0:56:25]} c5
{[%clk 1:05:35]} 13. c3 {[%clk 0:51:53]} Rc8 {[%clk 1:00:53]} 14. dxc5 {[%clk
0:46:24]} Qxd2 {[%clk 1:00:55]} 15. Bxd2 {[%clk 0:46:10]} Bxc5+ {[%clk
1:00:09]} 16. Kh1 {[%clk 0:44:53]} Bb6 17. Bb3 {[%clk 0:43:38]} h6 {[%clk
0:53:43]} 18. Rad1 {[%clk 0:41:10]} Bd3 {[%clk 0:52:24]} 19. Rde1 {[%clk
0:35:17]} Rfd8 {[%clk 0:50:51]} 20. Bf4 {[%clk 0:31:14]} Nh5 {[%clk 0:46:28]}
21. Be5 {[%clk 0:26:46]} Be3 {[%clk 0:46:16]} 22. Bd4 {[%clk 0:24:02]} Bd2
{[%clk 0:45:20]} 23. Rd1 {[%clk 0:20:04]} Bxe2 {[%clk 0:45:01]} 24. Rxd2 {[%clk
0:18:58]} Bxf1 {[%clk 0:45:21]} 25. Rd1 {[%clk 0:17:54]} Bc4 {[%clk 0:44:45]}
26. g4 {[%clk 0:13:15]} Bxb3 {[%clk 0:44:28]} 27. axb3 {[%clk 0:12:47]} Nf4
{[%clk 0:44:51]} 0-1

[Event "Deutsche Ländermeisterschaft 2014"]
[Site "Hannover GER"]
[Date "2014.10.07"]
[Round "7"]
[White "Heinemann, Josefine"]
[Black "Gibicar, Danijel"]
[Result "1/2-1/2"]
[Termination "normal"]
[Board "6.2"]
[WhiteElo "2043"]
[BlackElo "2164"]
[WhiteTeam "Sachsen-Anhalt"]
[BlackTeam "Württemberg"]
[PlyCount "65"]
[WhiteFideId "12900460"]
[BlackFideId "24660256"]
[EventCountry "GER"]
[EventRounds "7"]
[EventType "team-swiss"]
[EventDate "2014.10.02"]

1. e4 e6 2. d4 d5 3. Nc3 Bb4 4. e5 c5 5. a3 Bxc3+ 6. bxc3 Qa5 7. Bd2 Qa4 8. Qb1
c4 9. f4 Ne7 10. Nf3 Nbc6 11. g3 Bd7 12. Bh3 O-O-O 13. O-O h6 14. Nh4 g6 15.
Qb2 Kb8 16. Rf2 Nc8 17. Ng2 Nb6 18. Ne3 h5 19. Rff1 Qa5 20. Qc1 Na4 21. Qe1 Ne7
22. Ng2 Nf5 23. Bxf5 exf5 24. Qe3 Rhe8 25. Rfb1 Ka8 26. Rb4 Qc7 27. Qf3 a5 28.
Rbb1 Bc6 29. Ne3 Qe7 30. Qf2 Qc7 31. Nd1 Ka7 32. Ne3 Ka8 33. Nd1 1/2-1/2

[Event "Deutsche Ländermeisterschaft 2014"]
[Site "Hannover GER"]
[Date "2014.10.07"]
[Round "7"]
[White "Höglauer, Patrick"]
[Black "Pallas, Sebastian"]
[Result "0-1"]
[Termination "normal"]
[Board "6.3"]
[WhiteElo "2042"]
[BlackElo "1947"]
[WhiteTeam "Württemberg"]
[BlackTeam "Sachsen-Anhalt"]
[PlyCount "76"]
[WhiteFideId "1270548"]
[BlackFideId "12905453"]
[EventCountry "GER"]
[EventRounds "7"]
[EventType "team-swiss"]
[EventDate "2014.10.02"]

1. e4 {[%emt 0:00:00]} c5 {[%emt 0:00:00]} 2. Nf3 {[%emt 0:00:00]} d6 { [%emt
0:00:08]} 3. d4 {[%emt 0:00:00]} cxd4 {[%emt 0:00:03]} 4. Nxd4 { [%emt
0:00:00]} Nf6 {[%emt 0:00:10]} 5. f3 {[%emt 0:00:00]} e6 6. c4 a6 7. Nc3 Qc7 8.
Be3 Nbd7 9. Be2 Be7 10. Qd2 b6 11. O-O Bb7 12. Rfc1 O-O 13. a4 Rfc8 14. a5 bxa5
15. Nb3 a4 16. Nxa4 Nc5 17. Na5 Bc6 18. Nxc6 Qxc6 19. Bd1 Ncd7 20. b4 Qb7 21.
Be2 d5 22. e5 Bxb4 23. Qb2 Ne8 24. c5 a5 25. Bd4 Rab8 26. Kh1 Rc6 27. Qa2 Nc7
28. Nb6 Nxb6 29. cxb6 Na8 30. Bb5 Rxc1+ 31. Rxc1 Nxb6 32. Qf2 Rc8 33. Rxc8+
Nxc8 34. Ba4 Ne7 35. h4 Qc7 36. Kh2 Qc4 37. Bb2 Bc5 38. Qc2 Qxh4# 0-1

[Event "Deutsche Ländermeisterschaft 2014"]
[Site "Hannover GER"]
[Date "2014.10.07"]
[Round "7"]
[White "Stein, Robert"]
[Black "Schmidt, Tobias"]
[Result "1-0"]
[Termination "normal"]
[Board "6.4"]
[WhiteElo "1885"]
[BlackElo "2050"]
[WhiteTeam "Sachsen-Anhalt"]
[BlackTeam "Württemberg"]
[PlyCount "83"]
[WhiteFideId "12921084"]
[BlackFideId "1271683"]
[EventCountry "GER"]
[EventRounds "7"]
[EventType "team-swiss"]
[EventDate "2014.10.02"]

1. e4 e6 2. d4 d5 3. Nd2 c5 4. exd5 Qxd5 5. Ngf3 cxd4 6. Bc4 Qd6 7. O-O Nf6 8.
Nb3 Nc6 9. Nbxd4 Nxd4 10. Nxd4 a6 11. Re1 Bd7 12. Bb3 O-O-O 13. c3 Qc7 14. Qe2
Bd6 15. Nf3 e5 16. h3 Bc6 17. Be3 h6 18. Nd2 Nd5 19. Bxd5 Bxd5 20. c4 Bc6 21.
c5 Be7 22. Nc4 f5 23. Bf4 Bxc5 24. Bxe5 Qe7 25. b4 Qg5 26. g3 Ba7 27. Rad1 f4
28. Bxf4 Qf5 29. Nd6+ Rxd6 30. Rxd6 Qxh3 31. Rxc6+ bxc6 32. Qxa6+ Kd8 33. Qxa7
Qd7 34. Qb8+ Qc8 35. Rd1+ Ke7 36. Qd6+ Kf7 37. Qc7+ Qxc7 38. Bxc7 Ra8 39. Ba5
c5 40. a3 c4 41. Rd7+ Kg8 42. Rc7 1-0

[Event "Deutsche Ländermeisterschaft 2014"]
[Site "Hannover GER"]
[Date "2014.10.07"]
[Round "7"]
[White "Zeller, Elisa"]
[Black "Biastoch, Bennet"]
[Result "1-0"]
[Termination "normal"]
[Board "6.5"]
[WhiteElo "1922"]
[BlackElo "1838"]
[WhiteTeam "Württemberg"]
[BlackTeam "Sachsen-Anhalt"]
[PlyCount "79"]
[WhiteFideId "24662410"]
[BlackFideId "12939889"]
[EventCountry "GER"]
[EventRounds "7"]
[EventType "team-swiss"]
[EventDate "2014.10.02"]

1. e4 c5 2. Nf3 d6 3. d4 cxd4 4. Nxd4 Nf6 5. Nc3 a6 6. Be2 e6 7. O-O Nbd7 8.
Be3 b5 9. a3 Bb7 10. f3 Be7 11. Qd2 O-O 12. Kh1 d5 13. exd5 Nxd5 14. Nxd5 Bxd5
15. b3 Qc7 16. c4 bxc4 17. bxc4 Bb7 18. Rfd1 Nc5 19. Qc2 Rfc8 20. Nb3 Nxb3 21.
Qxb3 Rab8 22. Ba7 Ra8 23. Bb6 Qc6 24. Bd3 Qe8 25. a4 a5 26. Bd4 Bb4 27. Qc2 h6
28. Qb2 Qf8 29. Qe2 Bc5 30. Bb2 Ra6 31. Bc2 Rb6 32. Qd3 f5 33. Qc3 Be7 34. Qd4
Rb4 35. Qe5 Rc6 36. Ba3 Rbxc4 37. Bb3 Qf7 38. Bxc4 Bf6 39. Qe2 Bxa1 40. Rxa1
1-0